[Event "GER-ch U12 Girls"]
[Site "Willingen"]
[Date "2023.06.02"]
[Round "8"]
[White "Ali, Maha"]
[Black "Schoenknecht, Mathilde"]
[Result "1-0"]
[WhiteElo "1403"]
[BlackElo "1008"]
[PlyCount "159"]
[EventDate "2023.05.27"]
[EventType "swiss"]
[EventRounds "9"]
[EventCountry "GER"]
[SourceTitle "CBM 214 Extra"]
[Source "ChessBase"]
[SourceDate "2023.07.31"]
[SourceVersion "1"]
[SourceVersionDate "2023.07.31"]
[SourceQuality "1"]

1. d4 d5 2. c4 e5 3. dxe5 d4 4. Nf3 Nc6 5. e3 Bb4+ 6. Bd2 dxe3 7. fxe3 Bxd2+ 8. Qxd2 Qxd2+ 9. Kxd2 Nge7 10. Bd3 Bg4 11. h3 Bxf3 12. gxf3 Rd8 13. Kc3 Nxe5 14. Be2 0-0 15. Nd2 Rfe8 16. h4 N5c6 17. Rag1 h6 18. Rg4 h5 19. Rg2 Ng6 20. Nf1 Re6 21. Rg5 Re5 22. Rxe5 Ngxe5 23. f4 Ng4 24. Bf3 Nf2 25. Rh2 Ng4 26. Rg2 Nf6 27. Rg5 b6 28. Bxc6 a5 29. e4 Rd1 30. Ng3 Rc1+ 31. Kd3 Rd1+ 32. Kc2 Rh1 33. Nxh5 Nxh5 34. Rxh5 Rh2+ 35. Kb3 Rf2 36. c5 Rxf4 37. cxb6 cxb6 38. Kc4 g6 39. Rb5 Rxh4 40. Rxb6 g5 41. Kb5 g4 42. Kxa5 g3 43. e5 Rg4 44. Rb4 Rg5 45. Rb5 g2 46. Bxg2 Rxg2 47. a4 Kh7 48. Ka6 Rg8 49. a5 Ra8+ 50. Kb7 Re8 51. a6 Re7+ 52. Kb6 Re6+ 53. Ka5 Re8 54. a7 Ra8 55. Ka6 Kg6 56. Rb8 Rxa7+ 57. Kxa7 Kf5 58. b4 Kxe5 59. Rc8 f5 60. b5 f4 61. b6 f3 62. b7 Ke4 63. Rf8 Ke3 64. Rxf3+ Kxf3 65. b8Q Ke4 66. Qd6 Kf5 67. Qe7 Kf4 68. Qe6 Kf3 69. Qe5 Kg4 70. Qf6 Kg3 71. Qf5 Kg2 72. Qf4 Kh3 73. Qg5 Kh2 74. Qg4 Kh1 75. Kb6 Kh2 76. Kc5 Kh1 77. Kd4 Kh2 78. Ke3 Kh1 79. Kf2 Kh2 80. Qg2# 1-0